| 000 | 00729cam a2200241 a 4500 | ||
|---|---|---|---|
| 001 | 1495533 | ||
| 005 | 20180206045955.0 | ||
| 008 | 880802s1988 kyuaf b 100 0 eng d | ||
| 010 | _a 88072044 | ||
| 035 | _a(OCoLC)19507032 | ||
| 040 |
_aNjPA _cNjPA _dDLC |
||
| 041 | _aeng | ||
| 042 | _alccopycat | ||
| 070 | 1 | _aSF95.3.B56 | |
| 080 | _a574 | ||
| 100 | _a9 | ||
| 101 | _aMJE | ||
| 245 | 0 | 0 |
_aBiotechnology in the feed industry : _cedited by T.P. Lyons. |
| 504 | _aIncludes bibliographical references. | ||
| 906 |
_a7 _bcbc _ccopycat _d3 _eopcn _f19 _gy-gencatlg |
||
| 942 |
_2ddc _cBK |
||
| 999 |
_c41910 _d41910 |
||